| 000 | 00756cam a2200241 a 4500 | ||
|---|---|---|---|
| 001 | 000006031 | ||
| 005 | 20200929151907.0 | ||
| 008 | 870205s1982 mx a b 000 0 spa | ||
| 020 | _a9681611640 | ||
| 040 |
_aDO-SdBNP _bspa _cDLC _dDLC _dBNPHU |
||
| 082 |
_a972.16 _bG643t |
||
| 100 | 1 |
_aGonzález Rodríguez, Luis, _d1951- _917007 |
|
| 245 | 1 | 0 |
_aTarahumara : _bla sierra y el hombre / _cLuis González Rodríguez. |
| 260 |
_aMéxico : _bFondo de Cultura Económica, _c1982. |
||
| 300 |
_a207 p : _bil. ; _c17 cm. |
||
| 490 | 1 |
_aSEP _v80/29 |
|
| 504 | _aBibliografía: p. 203-207. | ||
| 650 | 4 |
_aIndígenas de méxico _916976 |
|
| 650 | 4 |
_aTarahumaras _917008 |
|
| 830 | 0 |
_aSEP ; _v80/29. _917009 |
|
| 910 | _aCatalogación por copia / LC | ||
| 049 | _aBNGR | ||
| 999 |
_c5827 _d5827 |
||